Name all of the 80s Pop Divas - Statistics

General Stats
  • This quiz has been taken 66 times
  • The average score is 5 of 16
Answer Stats
Monthly Listeners Answer % Correct
36.7 Million Madonna
95%
25.7 Million Whitney Houston
70%
12.9 Million Cher
57%
8.1 Million Janet Jackson
46%
17.6 Million Cyndi Lauper
41%
10.0 Million Tina Turner
39%
1.2 Million Paula Abdul
29%
2.9 Million Tiffany
27%
5.6 Million Belinda Carlisle
23%
5.8 Million Gloria Estefan
20%
1.4 Million Debbie Gibson
18%
14.0 Million Olivia Newton John
11%
0.43 Million Lisa Lisa
9%
1.9 Million Sheena Easton
7%
2.2 Million Taylor Dayne
7%
7.8 Million Laura Branigan
5%
No matching quizzes found
Score Distribution
Percent of People with Each Score
Percentile by Number Answered
Your Score History
You have not taken this quiz